<?xml version="1.0" encoding="UTF-8"?>
<collection xmlns="http://www.loc.gov/MARC21/slim">
 <record>
  <leader>00607pamaa2200157   4500</leader>
  <controlfield tag="001">0000038905</controlfield>
  <controlfield tag="005">20050621090000.0</controlfield>
  <datafield tag="020" ind1="0" ind2="0">
   <subfield code="a">[Nil] </subfield>
  </datafield>
  <datafield tag="090" ind1="0" ind2="0">
   <subfield code="a">KD373 </subfield>
   <subfield code="b">TRI</subfield>
  </datafield>
  <datafield tag="245" ind1="1" ind2="0">
   <subfield code="a">THE TRIALof Lady Chatterley : </subfield>
   <subfield code="b">Regina v. Penguin Books Limited the transcript of the trial  </subfield>
   <subfield code="c">[edited by] C.H.Rolph.</subfield>
  </datafield>
  <datafield tag="260" ind1="0" ind2="0">
   <subfield code="a">London: </subfield>
   <subfield code="b">Penguin Books, </subfield>
   <subfield code="c">1961.</subfield>
  </datafield>
  <datafield tag="300" ind1=" " ind2=" ">
   <subfield code="a">249p.: </subfield>
   <subfield code="b">ill.; </subfield>
   <subfield code="c">19 cm.</subfield>
  </datafield>
  <datafield tag="650" ind1="0" ind2="0">
   <subfield code="a">Penguin (Firm) -- </subfield>
   <subfield code="x">Trials, litigation, etc </subfield>
  </datafield>
  <datafield tag="650" ind1="0" ind2="0">
   <subfield code="a">Lawrence, D. H. (David Herbert), 1885-1930. Lady                  Chatterley's lover </subfield>
  </datafield>
  <datafield tag="650" ind1="0" ind2="0">
   <subfield code="a">Trials (Obscenity) -- </subfield>
   <subfield code="x">London. -- </subfield>
   <subfield code="z">England </subfield>
  </datafield>
  <datafield tag="700" ind1="1" ind2="1">
   <subfield code="a">Rolph, </subfield>
   <subfield code="h">C.H </subfield>
  </datafield>
 </record>
</collection>
